| 000 | 00397nam a22001577a 4500 | ||
|---|---|---|---|
| 020 | _a9789349855847 | ||
| 082 |
_aM3 _bJIS/R |
||
| 100 | _aJisa Jose | ||
| 245 |
_aRoopathinte pusthakam rakshayudeyum/ _cby Jisa Jose |
||
| 260 |
_aKozhikode: _bMathrubhumi books, _c2026. |
||
| 300 | _a415p. | ||
| 650 | _aNovel Malayalam | ||
| 650 | _aLiterature Malayalam | ||
| 650 | _aLiterature | ||
| 942 | _cBK | ||
| 999 |
_c181775 _d181775 |
||